Vplyv vybraných ukazovateľov na konkurencieschopnosť priemyselného odvetvia

Základné fakty o konkurencieschopnosti. Súvislosti medzi vývojom priemyselného odvetvia a dvoma základnými ukazovateľmi konkurencieschopnosti SR, a to HDP a platobná bilancia.

Salvato in:
Dettagli Bibliografici
Autore principale: Andrejčíková, Mária
Altri autori: Romanová, Daniela, 1984-
Natura: Capitolo di libro
Lingua:slovacco
Soggetti:
Tags: Aggiungi Tag
Nessun Tag, puoi essere il primo ad aggiungerne!!

MARC

LEADER 00000nla$a2200000$$$4500
001 0114097
005 20240502072253.7
041 0 |a slo 
044 |a SK 
245 1 0 |a Vplyv vybraných ukazovateľov na konkurencieschopnosť priemyselného odvetvia  |c Mária Andrejčíková, Daniela Romanová 
520 |a Základné fakty o konkurencieschopnosti. Súvislosti medzi vývojom priemyselného odvetvia a dvoma základnými ukazovateľmi konkurencieschopnosti SR, a to HDP a platobná bilancia. 
610 2 0 |a odvetvia priemyselné 
610 2 0 |a konkurencieschopnosť 
610 2 0 |a vývoj hospodársky 
610 2 0 |a bilancia platobná 
610 2 0 |a produkt domáci hrubý 
610 2 0 |a Slovensko 
100 1 |a Andrejčíková, Mária 
700 1 |a Romanová, Daniela, 1984-